les équipes de ligue 1 saison 22/23 - Statistiques

Statistiques générales
  • Ce quiz a été pris 108 fois
  • Le résultat moyen est 18 sur 20
Statistiques - réponses
Hint Réponse % Correct
3 Olympique de Marseille
100%
9 Olympique Lyonnais
100%
1 Paris Saint Germain
100%
2 RC Lens
99%
4 AS Monaco
98%
5 Lille
98%
15 Nantes
97%
6 Stade Rennais
95%
17 Auxerre
92%
16 Strasbourg
92%
13 Toulouse FC
92%
8 OGC Nice
91%
20 SCO Angers
87%
14 Stade Brestois
85%
10 FC Lorient
84%
12 Clermont Foot
83%
11 Montpellier
83%
7 Stade de Reims
79%
18 Troyes
79%
19 AC Ajaccio
75%
Aucun quiz correspondant
Distribution des résultats
% des personnes avec chaque résultat
Percentile par nombre de réponses
Votre historique - résultats
Vous n’avez pas pris ce quiz